| 000 -ლიდერი |
| ფიქსირებული სიგრძის საკონტროლო ველი |
01499nam a2200289Ia 4500 |
| 001 - საკონტროლო ნომერი |
| საკონტროლო ველი |
6255 |
| 003 - საკონტროლო ნომრის იდენტიფიკატორი |
| საკონტროლო ველი |
GE_BSU |
| 005 - ბოლო ოპერაციის თარიღი და დრო |
| საკონტროლო ველი |
20191104160639.0 |
| 008 - ფიქსირებული სიგრძის მონაცემთა ელემენტები - ზოგადი ინფორმაცია |
| ფიქსირებული სიგრძის საკონტროლო ველი |
181216s2012||||ge |||||||||||||| ||geo|| |
| 020 ## - წიგნის საერთაშორისო სტანდარტული ნომერი |
| International Standard Book Number |
9783830531548 |
| 040 ## - კატალოგიზაციის წყარო |
| Transcribing agency |
GE_BSU |
| 041 ## - ენის კოდი |
| Language code of text/sound track or separate title |
geo |
| 080 ## - უნივერსალური ათობითი კლასიფიკაციის ინდექსი |
| Universal Decimal Classification number |
34(038) გ-20 |
| 245 ## - ცნობა სათაურის შესახებ |
| Title |
განმარტებითი იურიდიული ლექსიკონი= Juristisches Fachlexikon / |
| Statement of responsibility, etc |
ავტ.: ლევან თოთლაძე, გაგა გაბრიჩიძე, გიორგი თუმანიშვილი და სხვ. ; რედ.: გიორგი ხუბუა, ლევან თოთლაძე. |
| 264 ## - წარმოების, გამოცემის, დისტრიბუციის და სხვა ცნობები |
| გამოცემის, წარმოების, დისტრიბუციის... ადგილი |
თბილისი, |
| გამოცემის, წარმოების, დისტრიბუციის... თარიღი |
2012. |
| 300 ## - ფიზიკური აღწერა |
| Extent |
626 გვ. ; |
| Other physical details |
21 სმ. |
| 653 ## - INDEX TERM--UNCONTROLLED |
| Uncontrolled term |
იურიდიული ლექსიკონი |
| 653 ## - INDEX TERM--UNCONTROLLED |
| Uncontrolled term |
სამართალი |
| 700 ## - ADDED ENTRY--PERSONAL NAME |
| Personal name |
თოთლაძე, ლევან |
| Relator term |
ავტორი |
| 9 (RLIN) |
5242 |
| 700 ## - ADDED ENTRY--PERSONAL NAME |
| Personal name |
გაბრიჩიძე, გაგა |
| Relator term |
ავტორი |
| 9 (RLIN) |
5243 |
| 700 ## - ADDED ENTRY--PERSONAL NAME |
| Personal name |
თუმანიშვილი, გიორგი |
| Relator term |
ავტორი |
| 9 (RLIN) |
5244 |
| 700 ## - ADDED ENTRY--PERSONAL NAME |
| Personal name |
ტურავა, პაატა |
| Relator term |
ავტორი |
| 9 (RLIN) |
3298 |
| 700 ## - ADDED ENTRY--PERSONAL NAME |
| Personal name |
ჩაჩანიძე, ეთერ |
| Relator term |
ავტორი |
| 9 (RLIN) |
5245 |
| 700 ## - ADDED ENTRY--PERSONAL NAME |
| Personal name |
ხუბუა, გიორგი |
| Relator term |
რედაქტორი |
| 9 (RLIN) |
5246 |
| 700 ## - ADDED ENTRY--PERSONAL NAME |
| Personal name |
თოთლაძე, ლევან |
| Relator term |
რედაქტორი |
| 9 (RLIN) |
5247 |
| 942 ## - ADDED ENTRY ELEMENTS (KOHA) |
| Koha item type |
წიგნი |
| Source of classification or shelving scheme |
|